Welcome to the Holygrace Academy Library

Please use search bar below to get started

CHILDREN'S CONCISE KNOWLEDGE BANK (Record no. 6310)

MARC details
000 -LEADER
fixed length control field 00456nam a22001457a 4500
020 ## - INTERNATIONAL STANDARD BOOK NUMBER
ISBN 81-8153-498-9
082 ## - DEWEY DECIMAL CLASSIFICATION NUMBER
Classification number 001
Item number AKA/C
100 ## - MAIN ENTRY--AUTHOR NAME
Personal name AKANKASHA
245 ## - TITLE STATEMENT
Title CHILDREN'S CONCISE KNOWLEDGE BANK
260 ## - PUBLICATION, DISTRIBUTION, ETC. (IMPRINT)
Place of publication DELHI
Name of publisher RAINBOW BOOKS
300 ## - PHYSICAL DESCRIPTION
Number of Pages 104
520 ## - SUMMARY, ETC.
Summary, etc MORE THAN 450 AMAZING FACTS AND ILLUSTRATIONS OF TOPICS LIKE UNIVERSE, EARTH, PLANTS, ANIMALS, BIRDS, HUMAN BODY, SCIENCE AND TECHNOLOGY
650 ## - SUBJECT ADDED ENTRY--TOPICAL TERM
Topical Term GENERAL KNOWLEDGE
Geographic subdivision INDIA
942 ## - ADDED ENTRY ELEMENTS (KOHA)
Koha item type Books
Holdings
Withdrawn status Lost status Collection code Home library Current library Shelving location Date acquired Source of acquisition Cost, normal purchase price Full call number Accession Number Koha item type
    G.K Main Library Main Library SHELF-17B-- G.K RELATED QUIZ BOOK 03/06/2017 purchase 170.00 001 AKA/C 04546 Books